Veřejná ekonomie pro školu a praxi

Gespeichert in:
Bibliographische Detailangaben
1. Verfasser: Strecková, Yvonne
Weitere Verfasser: Malý, Ivan
Format: Buch
Sprache:Tschechisch
Veröffentlicht: Praha Computer Press 1998
Schriftenreihe:Ekonomie
Schlagworte:
Tags: Tag hinzufügen
Keine Tags, Fügen Sie das erste Tag hinzu!

MARC

LEADER 00000nam a2200000 4500
001 c106078
005 20221109094708.3
020 |a 80-7226-112-6 
041 0 |a cze 
044 |a CZ 
245 1 0 |a Veřejná ekonomie pro školu a praxi  |c Yvonne Strecková, Ivan Malý a kolektív 
264 1 |a Praha  |b Computer Press  |c 1998 
300 |a 214 s. 
490 1 |a Ekonomie 
830 0 |a Ekonomie 
610 2 0 |a sektor verejný 
610 2 0 |a veda ekonomická 
610 2 0 |a trh 
610 2 0 |a štruktúra ekonomická 
610 2 0 |a financie verejné 
610 2 0 |a rozpočty 
610 2 0 |a rozpočet štátny 
610 2 0 |a deficit rozpočtový 
610 2 0 |a dlhy verejné 
610 2 0 |a výkazy operatívne 
610 2 0 |a príjmy 
610 2 0 |a dane 
610 2 0 |a samospráva 
610 2 0 |a financie 
610 2 0 |a organizácie neziskové 
610 2 0 |a správa verejná 
610 2 0 |a kontrola verejná 
610 2 0 |a efektívnosť 
610 2 0 |a Česko 
100 1 |a Strecková, Yvonne 
700 1 |a Malý, Ivan